Macroeconomics : (Record no. 14530)
[ view plain ]
| 000 -LEADER | |
|---|---|
| fixed length control field | 00433pam a22001694a 4500 |
| 020 ## - INTERNATIONAL STANDARD BOOK NUMBER | |
| ISBN | 0130328596 |
| 020 ## - INTERNATIONAL STANDARD BOOK NUMBER | |
| ISBN | 0130425788 |
| 040 ## - CATALOGING SOURCE | |
| Transcribing agency | DLC |
| 082 00 - DEWEY DECIMAL CLASSIFICATION NUMBER | |
| Classification number | 339 EDU 1996 A067 Or. |
| 100 1# - MAIN ENTRY--AUTHOR NAME | |
| Personal name | Froyen, Richard T |
| 245 10 - TITLE STATEMENT | |
| Title | Macroeconomics : |
| Remainder of title | theories and policies / |
| 250 ## - EDITION STATEMENT | |
| Edition statement | Seventh edition |
| 300 ## - PHYSICAL DESCRIPTION | |
| Number of Pages | xx, 524 pages : |
| Other physical details | illustrations ; |
| Dimensions | 25 cm |
| 650 #0 - SUBJECT ADDED ENTRY--TOPICAL TERM | |
| Topical Term | Macroeconomics |
| 650 #0 - SUBJECT ADDED ENTRY--TOPICAL TERM | |
| Topical Term | Keynesian economics |
| 942 ## - ADDED ENTRY ELEMENTS (KOHA) | |
| Koha item type | សៀវភៅភាសាអង់គ្លេស |
| 952 ## - LOCATION AND ITEM INFORMATION (KOHA) | |
| Withdrawn status [LOCAL, KOHA] | 0 |
| Permanent Location | Date acquired | Koha item type | Lost status | Shelving location | Barcode | Current Location | Full call number |
|---|---|---|---|---|---|---|---|
| Library Block A | 2017-10-18 | សៀវភៅភាសាអង់គ្លេស | A067 | A07379 | Library Block A | 339 EDU 1996 A067 Or. |